000 00986nam a2200229 i 4500
001 bg
100 1 _aGRABIŃSKA, Teresa
245 1 0 _aRealizm i instrumentalizm w fizyce współczesnej =
_bRealism and instrumentalism in contemporary physics /
_cTeresa Grabińska.
260 _aWrocław :
_bWydaw. PW,
_c1992.
300 _a109 s. ;
_c24 cm.
490 1 _aPrace Naukowe Instytutu Nauk Ekonomiczno-Społecznych Politechniki Wrocławskiej. Monografie =
_aScientific Papers of the Institute of Economic and Social Sciences of the Technical University of Wrocław. Monographs,
_x0239-3204 ;
_v32
500 _aNumeracja ser. gł. : 47.
504 _aBibliogr. s. 100-105. Przypisy.
650 9 _aFizyka
_xfilozofia
650 9 _aTeoria poznania
830 0 _aPrace Naukowe Instytutu Nauk Ekonomiczno-Społecznych Politechniki Wrocławskiej.
_pMonografie ;
_v32
040 _cBPK
041 0 _apl
_ben
080 _a53:165
942 _cKS
008 s pl f |000 0 pol
999 _c30072
_d30072
856 _uhttp://koha.tu.koszalin.pl/cgi-bin/koha/opac-detail.pl?biblionumber=30072
_yKatalog online BPK